000 00681nam a2200205 a 4500
001 000011127
005 20240412074223.0
008 091014s1988 dr 001 p spa d
040 _aDO-SdBNP
_bspa
_cBNPHU
082 _aRD861.44
_bP438c
100 1 _aPérez, Romeo
_926639
245 1 0 _aCantos a las gardenias /
_cRomeo Pérez.
260 _aSantiago de los Caballeros, República Dominicana :
_bTeófilo,
_c1988.
300 _a51 p ;
_c21 cm.
500 _aIncluye datos biográficos del autor en la contracubierta
590 _aInventariado, 2018/LP
650 0 _aPoesía dominicana
_966
650 0 _aLiteratura dominicana.
_967
910 _aValidado. Control de calidad MFF
999 _c10852
_d10852